000 00801nam a2200253 4500
003 OSt
005 20240615015648.0
006 a
008 240615b |||||||| |||| 00| 0 eng d
020 _a9780415881746
040 _aDWCL-Main lib.
_cOC
082 _2Third edition
_aCirc. 371.334 S172e 2012
100 _aSalmon, Gilly
245 _aE-moderating : the key to online teaching and learning /
250 _aThird edition
260 _aNew York :
_bRoutledge,
_cc2012.
300 _axiv,
_b273 p. ;
_c23 cm.
504 _aIncludes bibliographical references & index.
650 _a1. Teaching–Computer network resources.
650 _a2. Computer-assisted instruction.
650 _a3. Distance education.
700 _aGilly Salmon
942 _2ddc
_n0
_cBK-CIRC
_eThird edition
_kCirc.
999 _c746
_d746